| 000 | 00405nam a2200181Ia 4500 | ||
|---|---|---|---|
| 005 | 20240823014256.0 | ||
| 008 | 240823s9999||||xx |||||||||||||| ||und|| | ||
| 041 | _aENGLISH | ||
| 082 | _A604.2 P4 | ||
| 100 | _aVerma | ||
| 245 | 0 | _aEngineering Drawing | |
| 250 | _a2nd | ||
| 260 |
_c2004 _b"Khanna," |
||
| 500 | _aYES | ||
| 650 |
_aEngineering Drawing _bMechanical |
||
| 942 | _cBK | ||
| 999 |
_c169619 _d169619 |
||